Biblioteca

Charlie y la fabrica de chocolate / Roald Dahl, traduccíon : Verónica Head (Registro nro. 47392)

Detalles MARC
000 -LÍDER
Campo fijo de descripción fija 005410000a22002050004500
001 - NÚMERO DE CONTROL
Campo de control 134
003 - IDENTIFICADOR DEL NÚMERO DE CONTROL
Campo de control CO-MdFUSB
005 - FECHA Y HORA DE LA ULTIMA TRANSACCIÓN
control field 20171120183554.0
008 - ELEMENTOS DE LONGITUD FIJA -- INFORMACIÓN GENERAL
Campo fijo de descripción fija -- Información general 171115b xxu||||| |||| 00| 0 eng d
020 ## - NÚMERO INTERNACIONAL NORMALIZADO PARA LIBROS
Número Internacional Normalizado del libro 958-704-328-6
040 ## - FUENTE DE CATALOGACIÓN
Agencia que realiza la transcripción CO-MdBIC
082 04 - NÚMERO DE CLASIFICACIÓN DECIMAL DEWEY
Número de clasificación 863N Aj28cf
100 1# - ASIENTO PRINCIPAL--NOMBRE PERSONAL
Nombre personal Dahl, Roald (1916-1990 )
245 10 - TÍTULO
Título del Material Charlie y la fabrica de chocolate / Roald Dahl, traduccíon : Verónica Head
260 ## - PUBLICACIÓN, DISTRIBUCIÓN, ETC. (PIE DE IMPRENTA)
Lugar de publicación, distribución, etc. Bogotá : Alfaguara
300 ## - DESCRIPCIÓN FÍSICA
Extensión 171 P.
500 ## - NOTA GENERAL
Nota General www.roalddahl.com
650 14 - ASIENTO SECUNDARIO DE MATERIA - TERMINO TEMÁTICO
Término temático o nombre geográfico como elemento de entrada Literatura Infantil
942 ## - TIPO DE MATERIAL (KOHA)
Tipo de Item KOHA Z- Libro General BINCO
Existencias
Estado de Material Estado de Perdido Forma de Clasificación Volumen-Parte/Tomo Estado de Dañado No para Préstamo Tomo Biblioteca de Origen Biblioteca Permanente Fecha de Adquisición Total de Préstamos Signatura Topográfica Código de Barras Última vez visto Última vez Préstado Ejemplar/Existencia Fecha de Remplazo Tipo de Material Total de Renovaciones
    Dewey Decimal Classification         Biblioteca Infantil Comunitaria BINCO Biblioteca Infantil Comunitaria BINCO 11/02/2006 1 863N Aj28cf B31026 24/11/2016 06/10/2016 1 26/01/2016 Z- Libro General BINCO  
    Dewey Decimal Classification         Biblioteca Infantil Comunitaria BINCO Biblioteca Infantil Comunitaria BINCO 28/10/2008 3 863N Aj28cf2 B32427 16/02/2024 21/09/2023 2 26/01/2016 Z- Libro General BINCO 5

Biblioteca FUSBC | Teléfono: (57+4) 349 88 10 Ext. 141| WhatsApp (+57) 3005338115 
E-mail: biblioteca@unisbc.edu.co | Calle 76 87-14 Robledo Palenque, Medellín, Colombia

Con tecnología Koha